[Event "Priit Leito Memorial Tournament"]
[Site "Tallinn, Paul Keres Chess House, Estonia"]
[Date "2023.02.04"]
[Round "3.3"]
[White "Kangur, Alar"]
[Black "Neiksans, Arturs"]
[Result "0-1"]
[TimeControl " Rapid: 15 minutes for game with 3 seconds increment from move 1"]
[BlackTitle "GM"]
[WhiteElo "2180"]
[BlackElo "2552"]

1. c4 {

[%clk 00:15:02]

} {

[%emt 00:00:04]

} e5 {

[%clk 00:15:04]

} {

[%emt 00:00:02]

} 2. Nc3 {

[%clk 00:15:00]

} {

[%emt 00:00:04]

} Nf6 {

[%clk 00:15:05]

} {

[%emt 00:00:03]

} 3. Nf3 {

[%clk 00:14:58]

} {

[%emt 00:00:04]

} Nc6 {

[%clk 00:15:06]

} {

[%emt 00:00:03]

} 4. e3 {

[%clk 00:14:57]

} {

[%emt 00:00:03]

} Bb4 {

[%clk 00:15:06]

} {

[%emt 00:00:03]

} 5. Qc2 {

[%clk 00:14:55]

} {

[%emt 00:00:05]

} Bxc3 {

[%clk 00:15:05]

} {

[%emt 00:00:04]

} 6. bxc3 {

[%clk 00:14:53]

} {

[%emt 00:00:07]

} d6 {

[%clk 00:15:03]

} {

[%emt 00:00:04]

} 7. e4 {

[%clk 00:14:45]

} {

[%emt 00:00:10]

} O-O {

[%clk 00:15:01]

} {

[%emt 00:00:05]

} 8. g3 {

[%clk 00:14:42]

} {

[%emt 00:00:06]

} a6 {

[%clk 00:14:45]

} {

[%emt 00:00:20]

} 9. Bg2 {

[%clk 00:14:00]

} {

[%emt 00:00:44]

} Be6 {

[%clk 00:11:53]

} {

[%emt 00:02:55]

} 10. d3 {

[%clk 00:13:55]

} {

[%emt 00:00:08]

} b5 {

[%clk 00:11:49]

} {

[%emt 00:00:07]

} 11. cxb5 {

[%clk 00:13:51]

} {

[%emt 00:00:06]

} axb5 {

[%clk 00:11:51]

} {

[%emt 00:00:02]

} 12. O-O {

[%clk 00:13:47]

} {

[%emt 00:00:06]

} h6 {

[%clk 00:11:40]

} {

[%emt 00:00:15]

} 13. d4 {

[%clk 00:13:14]

} {

[%emt 00:00:35]

} Bc4 {

[%clk 00:11:25]

} {

[%emt 00:00:17]

} 14. Rd1 {

[%clk 00:12:27]

} {

[%emt 00:00:50]

} Qb8 {

[%clk 00:09:41]

} {

[%emt 00:01:48]

} 15. Nh4 {

[%clk 00:10:07]

} {

[%emt 00:02:22]

} Ne7 {

[%clk 00:06:51]

} {

[%emt 00:02:53]

} 16. h3 {

[%clk 00:08:43]

} {

[%emt 00:01:27]

} c5 {

[%clk 00:06:48]

} {

[%emt 00:00:07]

} 17. Be3 {

[%clk 00:08:15]

} {

[%emt 00:00:31]

} Rc8 {

[%clk 00:06:34]

} {

[%emt 00:00:17]

} 18. dxe5 {

[%clk 00:07:06]

} {

[%emt 00:01:12]

} dxe5 {

[%clk 00:06:35]

} {

[%emt 00:00:02]

} 19. f4 {

[%clk 00:06:33]

} {

[%emt 00:00:36]

} Ra3 {

[%clk 00:05:22]

} {

[%emt 00:01:16]

} 20. Qb2 {

[%clk 00:05:19]

} {

[%emt 00:01:16]

} b4 {

[%clk 00:04:50]

} {

[%emt 00:00:35]

} 21. Rdc1 {

[%clk 00:03:34]

} {

[%emt 00:01:48]

} Nh5 {

[%clk 00:03:16]

} {

[%emt 00:01:38]

} 22. g4 {

[%clk 00:01:09]

} {

[%emt 00:02:28]

} Nxf4 {

[%clk 00:03:11]

} {

[%emt 00:00:08]

} 23. Bxf4 {

[%clk 00:01:09]

} {

[%emt 00:00:02]

} exf4 {

[%clk 00:03:12]

} {

[%emt 00:00:02]

} 24. cxb4 {

[%clk 00:01:09]

} {

[%emt 00:00:03]

} cxb4 {

[%clk 00:03:09]

} {

[%emt 00:00:06]

} 25. Rab1 {

[%clk 00:00:59]

} {

[%emt 00:00:13]

} Rxa2 {

[%clk 00:02:07]

} {

[%emt 00:01:05]

} 26. Qxb4 {

[%clk 00:00:58]

} {

[%emt 00:00:04]

} Qxb4 {

[%clk 00:01:59]

} {

[%emt 00:00:11]

} 27. Rxb4 {

[%clk 00:00:59]

} {

[%emt 00:00:02]

} Be6 {

[%clk 00:02:00]

} {

[%emt 00:00:01]

} 28. Rxc8+ {

[%clk 00:00:49]

} {

[%emt 00:00:13]

} Nxc8 {

[%clk 00:02:02]

} {

[%emt 00:00:01]

} 29. Bf1 {

[%clk 00:00:39]

} {

[%emt 00:00:13]

} g6 {

[%clk 00:01:25]

} {

[%emt 00:00:40]

} 30. Nf3 {

[%clk 00:00:36]

} {

[%emt 00:00:05]

} Kg7 {

[%clk 00:00:33]

} {

[%emt 00:00:56]

} 31. Bc4 {

[%clk 00:00:30]

} {

[%emt 00:00:09]

} Ra7 {

[%clk 00:00:10]

} {

[%emt 00:00:26]

} 32. Bxe6 {

[%clk 00:00:29]

} {

[%emt 00:00:04]

} fxe6 {

[%clk 00:00:13]

} {

[%emt 00:00:01]

} 33. e5 {

[%clk 00:00:26]

} {

[%emt 00:00:06]

} g5 {

[%clk 00:00:14]

} {

[%emt 00:00:02]

} 34. Kf2 {

[%clk 00:00:27]

} {

[%emt 00:00:02]

} Ne7 {

[%clk 00:00:14]

} {

[%emt 00:00:04]

} 35. Rb6 {

[%clk 00:00:28]

} {

[%emt 00:00:02]

} Kf7 {

[%clk 00:00:09]

} {

[%emt 00:00:08]

} 36. Nd4 {

[%clk 00:00:27]

} {

[%emt 00:00:03]

} Ra2+ {

[%clk 00:00:11]

} {

[%emt 00:00:01]

} 37. Kf1 {

[%clk 00:00:27]

} {

[%emt 00:00:02]

} Ra5 {

[%clk 00:00:07]

} {

[%emt 00:00:08]

} 38. Rxe6 {

[%clk 00:00:21]

} {

[%emt 00:00:09]

} Nd5 {

[%clk 00:00:05]

} {

[%emt 00:00:05]

} 39. Rd6 {

[%clk 00:00:18]

} {

[%emt 00:00:05]

} Ra1+ {

[%clk 00:00:07]

} {

[%emt 00:00:03]

} 40. Kf2 {

[%clk 00:00:19]

} {

[%emt 00:00:02]

} Ra2+ {

[%clk 00:00:09]

} {

[%emt 00:00:02]

} 41. Kf1 {

[%clk 00:00:21]

} Ne3+ {

[%clk 00:00:11]

} 42. Ke1 {

[%clk 00:00:20]

} {

[%emt 00:00:02]

} Nc4 {

[%clk 00:00:06]

} {

[%emt 00:00:10]

} 43. Rxh6 {

[%clk 00:00:20]

} {

[%emt 00:00:03]

} Nxe5 {

[%clk 00:00:08]

} {

[%emt 00:00:01]

} 44. Rb6 {

[%clk 00:00:14]

} {

[%emt 00:00:08]

} f3 {

[%clk 00:00:08]

} {

[%emt 00:00:04]

} 45. Kf1 {

[%clk 00:00:08]

} {

[%emt 00:00:09]

} Rh2 {

[%clk 00:00:09]

} {

[%emt 00:00:01]

} 46. Rb5 {

[%clk 00:00:09]

} {

[%emt 00:00:03]

} Rh1+ {

[%clk 00:00:05]

} {

[%emt 00:00:08]

} 47. Kf2 {

[%clk 00:00:10]

} {

[%emt 00:00:01]

} Nd3+ {

[%clk 00:00:07]

} {

[%emt 00:00:02]

} 48. Kxf3 {

[%clk 00:00:11]

} Rxh3+ {

[%clk 00:00:09]

} {

[%emt 00:00:01]

} 49. Ke4 {

[%clk 00:00:13]

} Nf2+ {

[%clk 00:00:11]

} {

[%emt 00:00:02]

} 50. Kf5 {

[%clk 00:00:15]

} {

[%emt 00:00:01]

} Ra3 {

[%clk 00:00:06]

} {

[%emt 00:00:07]

} 51. Rb7+ {

[%clk 00:00:16]

} {

[%emt 00:00:02]

} Ke8 {

[%clk 00:00:09]

} 52. Kxg5 {

[%emt 00:00:02]

} Ra5+ 53. Kg6 {

[%clk 00:00:19]

} {

[%emt 00:00:01]

} Nxg4 {

[%clk 00:00:14]

} {

[%emt 00:00:01]

} 54. Nf5 {

[%clk 00:00:17]

} {

[%emt 00:00:04]

} Ne5+ {

[%clk 00:00:15]

} {

[%emt 00:00:02]

} 55. Kf6 {

[%clk 00:00:19]

} {

[%emt 00:00:01]

} Nd7+ {

[%clk 00:00:17]

} {

[%emt 00:00:01]

} 56. Kg6 {

[%clk 00:00:20]

} {

[%emt 00:00:02]

} Ra6+ {

[%clk 00:00:19]

} 57. Kg5 {

[%clk 00:00:22]

} Kd8 {

[%clk 00:00:19]

} {

[%emt 00:00:03]

} 58. Rb1 {

[%clk 00:00:23]

} {

[%emt 00:00:01]

} Ne5 {

[%clk 00:00:21]

} {

[%emt 00:00:02]

} 59. Rd1+ {

[%clk 00:00:25]

} Kc7 {

[%clk 00:00:23]

} {

[%emt 00:00:02]

} 60. Rc1+ {

[%clk 00:00:26]

} Kd7 {

[%clk 00:00:23]

} {

[%emt 00:00:03]

} 61. Rd1+ {

[%clk 00:00:28]

} Kc8 {

[%clk 00:00:19]

} {

[%emt 00:00:08]

} 62. Rc1+ {

[%emt 00:00:01]

} Kb8 63. Rb1+ {

[%clk 00:00:32]

} Ka7 {

[%clk 00:00:24]

} {

[%emt 00:00:01]

} 64. Rc1 {

[%clk 00:00:33]

} {

[%emt 00:00:02]

} Ra5 {

[%clk 00:00:21]

} {

[%emt 00:00:06]

} 65. Rb1 {

[%clk 00:00:33]

} {

[%emt 00:00:02]

} Nd7 {

[%clk 00:00:18]

} {

[%emt 00:00:06]

} 66. Kf4 {

[%clk 00:00:32]

} {

[%emt 00:00:02]

} Nb6 {

[%clk 00:00:21]

} {

[%emt 00:00:02]

} 67. Kg5 {

[%clk 00:00:32]

} {

[%emt 00:00:02]

} Nd5 {

[%clk 00:00:23]

} {

[%emt 00:00:02]

} 68. Rb2 {

[%clk 00:00:33]

} {

[%emt 00:00:02]

} Ne3 {

[%clk 00:00:22]

} {

[%emt 00:00:03]

} 69. Kf6 {

[%clk 00:00:23]

} {

[%emt 00:00:13]

} Nxf5 {

[%clk 00:00:24]

} {

[%emt 00:00:02]

} 70. Ke6 {

[%clk 00:00:24]

} {

[%emt 00:00:01]

} Nd4+ {

[%clk 00:00:26]

} {

[%emt 00:00:01]

} 71. Kd6 {

[%clk 00:00:24]

} {

[%emt 00:00:02]

} Rh5 {

[%clk 00:00:23]

} {

[%emt 00:00:07]

} 72. Rb1 {

[%clk 00:00:23]

} {

[%emt 00:00:03]

} Ka6 {

[%clk 00:00:22]

} {

[%emt 00:00:05]

} 73. Rb2 {

[%clk 00:00:24]

} {

[%emt 00:00:01]

} Nb5 {

[%clk 00:00:24]

} 74. Kc6 {

[%clk 00:00:25]

} {

[%emt 00:00:02]

} Rh6 {

[%clk 00:00:17]

} {

[%emt 00:00:11]

} 75. Kc5 {

[%clk 00:00:26]

} {

[%emt 00:00:02]

} Nc3 {

[%clk 00:00:13]

} {

[%emt 00:00:06]

} 76. Rb3 {

[%clk 00:00:20]

} {

[%emt 00:00:07]

} Na4+ {

[%clk 00:00:11]

} {

[%emt 00:00:07]

} 77. Kd5 {

[%clk 00:00:20]

} {

[%emt 00:00:03]

} Ka5 {

[%clk 00:00:11]

} {

[%emt 00:00:04]

} 78. Rg3 {

[%clk 00:00:15]

} {

[%emt 00:00:06]

} Rh5 {

[%clk 00:00:10]

} {

[%emt 00:00:05]

} 79. Kc4 {

[%clk 00:00:16]

} {

[%emt 00:00:02]

} Nb6+ {

[%clk 00:00:12]

} {

[%emt 00:00:03]

} 80. Kd4 {

[%clk 00:00:17]

} {

[%emt 00:00:01]

} Kb5 {

[%clk 00:00:14]

} {

[%emt 00:00:02]

} 81. Rb3+ {

[%clk 00:00:18]

} {

[%emt 00:00:02]

} Kc6 {

[%clk 00:00:16]

} 82. Rc3+ {

[%clk 00:00:19]

} {

[%emt 00:00:02]

} Kd6 {

[%clk 00:00:19]

} 83. Rb3 {

[%clk 00:00:21]

} Rh4+ {

[%clk 00:00:20]

} {

[%emt 00:00:02]

} 84. Kc3 {

[%clk 00:00:22]

} {

[%emt 00:00:01]

} Na4+ {

[%clk 00:00:22]

} {

[%emt 00:00:01]

} 85. Kc2 {

[%clk 00:00:23]

} {

[%emt 00:00:01]

} Rh2+ {

[%clk 00:00:24]

} {

[%emt 00:00:01]

} 86. Kd1 {

[%clk 00:00:23]

} {

[%emt 00:00:02]

} Kd5 {

[%clk 00:00:26]

} {

[%emt 00:00:02]

} 87. Rb8 {

[%clk 00:00:25]

} {

[%emt 00:00:01]

} Kc4 {

[%clk 00:00:24]

} {

[%emt 00:00:05]

} 88. Rc8+ {

[%clk 00:00:26]

} {

[%emt 00:00:01]

} Nc5 {

[%clk 00:00:26]

} {

[%emt 00:00:02]

} 89. Ke1 {

[%clk 00:00:26]

} {

[%emt 00:00:02]

} Kd4 {

[%clk 00:00:28]

} {

[%emt 00:00:02]

} 90. Rd8+ {

[%clk 00:00:27]

} {

[%emt 00:00:01]

} Ke3 {

[%clk 00:00:30]

} {

[%emt 00:00:01]

} 91. Re8+ {

[%clk 00:00:27]

} {

[%emt 00:00:03]

} Ne4 {

[%clk 00:00:32]

} 92. Kd1 {

[%clk 00:00:29]

} Rh6 {

[%clk 00:00:21]

} {

[%emt 00:00:15]

} 93. Kc2 {

[%clk 00:00:29]

} {

[%emt 00:00:03]

} Rc6+ {

[%clk 00:00:23]

} 94. Kb3 {

[%clk 00:00:29]

} {

[%emt 00:00:02]

} Kd3 {

[%clk 00:00:24]

} {

[%emt 00:00:04]

} 95. Rd8 {

[%clk 00:00:30]

} {

[%emt 00:00:02]

} Nd6 {

[%clk 00:00:26]

} {

[%emt 00:00:01]

} 96. Kb4 {

[%clk 00:00:30]

} {

[%emt 00:00:02]

} Kd4 {

[%clk 00:00:27]

} {

[%emt 00:00:03]

} 97. Rd7 {

[%clk 00:00:32]

} {

[%emt 00:00:01]

} Rb6+ {

[%clk 00:00:24]

} {

[%emt 00:00:06]

} 98. Ka3 {

[%clk 00:00:26]

} {

[%emt 00:00:09]

} Kc3 {

[%clk 00:00:23]

} {

[%emt 00:00:04]

} 99. Ka2 {

[%clk 00:00:22]

} {

[%emt 00:00:05]

} Nc4 {

[%clk 00:00:22]

} {

[%emt 00:00:05]

} 100. Rc7 {

[%clk 00:00:20]

} {

[%emt 00:00:05]

} Rb4 {

[%clk 00:00:19]

} {

[%emt 00:00:07]

} 101. Rc8 {

[%clk 00:00:18]

} {

[%emt 00:00:05]

} Kc2 {

[%clk 00:00:21]

} {

[%emt 00:00:01]

} 102. Ra8 {

[%clk 00:00:12]

} {

[%emt 00:00:07]

} Rb3 {

[%clk 00:00:11]

} {

[%emt 00:00:14]

} 103. Ra4 {

[%clk 00:00:07]

} {

[%emt 00:00:08]

} Rc3 {

[%clk 00:00:11]

} {

[%emt 00:00:03]

} 104. Ra8 {

[%clk 00:00:06]

} {

[%emt 00:00:03]

} Rd3 {

[%clk 00:00:10]

} {

[%emt 00:00:04]

} 105. Ra4 {

[%clk 00:00:07]

} {

[%emt 00:00:02]

} Nd2 {

[%clk 00:00:09]

} {

[%emt 00:00:06]

} 106. Ra8 {

[%clk 00:00:07]

} {

[%emt 00:00:02]

} Ne4 {

[%clk 00:00:10]

} {

[%emt 00:00:02]

} 107. Ka1 {

[%clk 00:00:05]

} {

[%emt 00:00:03]

} Nc3 {

[%clk 00:00:12]

} {

[%emt 00:00:03]

} 0-1

[Event "Priit Leito Memorial Tournament"]
[Site "Tallinn, Paul Keres Chess House, Estonia"]
[Date "2023.02.04"]
[Round "3.6"]
[White "Volodin, Aleksandr"]
[Black "Timoshin, Andrei"]
[Result "0-1"]
[TimeControl " Rapid: 15 minutes for game with 3 seconds increment from move 1"]
[WhiteTitle "GM"]
[WhiteElo "2471"]
[BlackElo "2094"]

1. d4 {

[%clk 00:15:04]

} d5 {

[%clk 00:15:05]

} 2. c4 {

[%clk 00:15:06]

} {

[%emt 00:00:02]

} e6 {

[%clk 00:15:07]

} {

[%emt 00:00:01]

} 3. Nc3 {

[%clk 00:15:08]

} Nf6 {

[%clk 00:15:09]

} {

[%emt 00:00:02]

} 4. cxd5 {

[%clk 00:15:10]

} exd5 {

[%clk 00:15:10]

} {

[%emt 00:00:01]

} 5. Bg5 {

[%clk 00:15:12]

} Be7 {

[%clk 00:15:12]

} {

[%emt 00:00:01]

} 6. e3 {

[%clk 00:15:14]

} c6 {

[%clk 00:15:14]

} {

[%emt 00:00:03]

} 7. Bd3 {

[%clk 00:15:16]

} h6 {

[%clk 00:15:15]

} {

[%emt 00:00:03]

} 8. Bf4 {

[%clk 00:14:48]

} {

[%emt 00:00:31]

} O-O {

[%clk 00:15:13]

} {

[%emt 00:00:04]

} 9. h3 {

[%clk 00:14:50]

} {

[%emt 00:00:02]

} Ne8 {

[%clk 00:14:50]

} {

[%emt 00:00:26]

} 10. Qc2 {

[%clk 00:14:45]

} {

[%emt 00:00:08]

} Nd6 {

[%clk 00:14:47]

} {

[%emt 00:00:05]

} 11. Nf3 {

[%clk 00:13:47]

} {

[%emt 00:01:01]

} Re8 {

[%clk 00:14:01]

} {

[%emt 00:00:50]

} 12. O-O-O {

[%clk 00:12:46]

} {

[%emt 00:01:04]

} a5 {

[%clk 00:13:36]

} {

[%emt 00:00:28]

} 13. g4 {

[%clk 00:12:45]

} {

[%emt 00:00:04]

} b5 {

[%clk 00:13:24]

} {

[%emt 00:00:15]

} 14. Ne5 {

[%clk 00:12:12]

} {

[%emt 00:00:35]

} Nc4 {

[%clk 00:12:50]

} {

[%emt 00:00:37]

} 15. Rdg1 {

[%clk 00:10:23]

} {

[%emt 00:01:51]

} Be6 {

[%clk 00:12:17]

} {

[%emt 00:00:36]

} 16. h4 {

[%clk 00:08:45]

} {

[%emt 00:01:42]

} Nxe5 {

[%clk 00:07:48]

} {

[%emt 00:04:32]

} 17. Bxe5 {

[%clk 00:08:47]

} {

[%emt 00:00:02]

} Nd7 {

[%clk 00:07:01]

} {

[%emt 00:00:49]

} 18. f4 {

[%clk 00:06:36]

} {

[%emt 00:02:14]

} Nxe5 {

[%clk 00:06:26]

} {

[%emt 00:00:39]

} 19. dxe5 {

[%clk 00:06:38]

} {

[%emt 00:00:01]

} d4 {

[%clk 00:06:02]

} {

[%emt 00:00:27]

} 20. f5 {

[%clk 00:05:44]

} {

[%emt 00:00:56]

} Bc4 {

[%clk 00:04:14]

} {

[%emt 00:01:51]

} 21. Bxc4 {

[%clk 00:04:48]

} {

[%emt 00:00:59]

} dxc3 {

[%clk 00:04:02]

} {

[%emt 00:00:14]

} 22. Bd3 {

[%clk 00:04:19]

} {

[%emt 00:00:32]

} cxb2+ {

[%clk 00:04:02]

} {

[%emt 00:00:03]

} 23. Kb1 {

[%clk 00:04:22]

} Bxh4 {

[%clk 00:03:57]

} {

[%emt 00:00:09]

} 24. Rd1 {

[%clk 00:02:32]

} {

[%emt 00:01:52]

} Rxe5 {

[%clk 00:02:50]

} {

[%emt 00:01:10]

} 25. Bxb5 {

[%clk 00:01:15]

} {

[%emt 00:01:21]

} Qf6 {

[%clk 00:02:16]

} {

[%emt 00:00:37]

} 26. Qxc6 {

[%clk 00:01:13]

} {

[%emt 00:00:05]

} Rb8 {

[%clk 00:02:09]

} {

[%emt 00:00:10]

} 27. Rd6 {

[%clk 00:00:32]

} {

[%emt 00:00:44]

} Qg5 {

[%clk 00:02:10]

} {

[%emt 00:00:01]

} 28. a4 {

[%clk 00:00:28]

} {

[%emt 00:00:07]

} Qxe3 {

[%clk 00:01:53]

} {

[%emt 00:00:20]

} 29. Qc4 {

[%clk 00:00:24]

} {

[%emt 00:00:07]

} Bf6 {

[%clk 00:01:40]

} {

[%emt 00:00:15]

} 30. Rd3 {

[%clk 00:00:20]

} {

[%emt 00:00:08]

} Qf2 {

[%clk 00:01:08]

} {

[%emt 00:00:34]

} 31. Rhd1 {

[%clk 00:00:16]

} {

[%emt 00:00:07]

} Rc5 {

[%clk 00:00:57]

} {

[%emt 00:00:14]

} 32. Qb3 {

[%clk 00:00:16]

} {

[%emt 00:00:03]

} Rbc8 {

[%clk 00:00:56]

} {

[%emt 00:00:05]

} 33. R3d2 {

[%clk 00:00:06]

} {

[%emt 00:00:14]

} Rc1+ {

[%clk 00:00:53]

} {

[%emt 00:00:04]

} 34. Ka2 {

[%clk 00:00:06]

} {

[%emt 00:00:03]

} Qxd2 {

[%clk 00:00:49]

} {

[%emt 00:00:08]

} 0-1

[Event "Priit Leito Memorial Tournament"]
[Site "Tallinn, Paul Keres Chess House, Estonia"]
[Date "2023.02.04"]
[Round "4.1"]
[White "Shirov, Alexei"]
[Black "Kanep, Meelis"]
[Result "1-0"]
[TimeControl " Rapid: 15 minutes for game with 3 seconds increment from move 1"]
[WhiteTitle "GM"]
[BlackTitle "GM"]
[WhiteElo "2586"]
[BlackElo "2408"]

1. e4 {

[%clk 00:15:04]

} {

[%emt 00:00:01]

} c5 {

[%clk 00:14:52]

} {

[%emt 00:00:15]

} 2. Nf3 {

[%clk 00:15:05]

} {

[%emt 00:00:02]

} d6 {

[%clk 00:14:49]

} {

[%emt 00:00:06]

} 3. d4 {

[%clk 00:15:06]

} {

[%emt 00:00:02]

} cxd4 {

[%clk 00:14:50]

} {

[%emt 00:00:03]

} 4. Nxd4 {

[%clk 00:15:07]

} {

[%emt 00:00:01]

} Nf6 {

[%clk 00:14:51]

} {

[%emt 00:00:01]

} 5. Nc3 {

[%clk 00:15:08]

} {

[%emt 00:00:02]

} a6 {

[%clk 00:14:52]

} {

[%emt 00:00:02]

} 6. Be3 {

[%clk 00:15:09]

} {

[%emt 00:00:02]

} e5 {

[%clk 00:14:45]

} {

[%emt 00:00:10]

} 7. Nb3 {

[%emt 00:00:05]

} Be7 {

[%clk 00:14:36]

} {

[%emt 00:00:10]

} 8. f3 {

[%clk 00:15:02]

} {

[%emt 00:00:10]

} O-O {

[%clk 00:14:11]

} {

[%emt 00:00:28]

} 9. Qd2 {

[%clk 00:15:00]

} {

[%emt 00:00:05]

} Be6 {

[%clk 00:13:40]

} {

[%emt 00:00:34]

} 10. O-O-O {

[%clk 00:14:59]

} {

[%emt 00:00:04]

} Qc7 {

[%clk 00:10:58]

} {

[%emt 00:02:46]

} 11. g4 {

[%clk 00:14:44]

} {

[%emt 00:00:18]

} Rc8 {

[%clk 00:10:38]

} {

[%emt 00:00:20]

} 12. g5 {

[%clk 00:11:50]

} {

[%emt 00:02:59]

} Nh5 {

[%clk 00:10:29]

} {

[%emt 00:00:13]

} 13. Nd5 {

[%clk 00:11:37]

} {

[%emt 00:00:16]

} Bxd5 {

[%clk 00:10:28]

} {

[%emt 00:00:04]

} 14. exd5 {

[%clk 00:11:39]

} {

[%emt 00:00:02]

} Nd7 {

[%clk 00:10:06]

} {

[%emt 00:00:25]

} 15. Bh3 {

[%clk 00:11:02]

} {

[%emt 00:00:39]

} a5 {

[%clk 00:09:45]

} {

[%emt 00:00:25]

} 16. Kb1 {

[%clk 00:10:40]

} {

[%emt 00:00:25]

} a4 {

[%clk 00:08:54]

} {

[%emt 00:00:55]

} 17. Nc1 {

[%clk 00:10:40]

} {

[%emt 00:00:03]

} Re8 {

[%clk 00:07:16]

} {

[%emt 00:01:41]

} 18. Ne2 {

[%clk 00:08:11]

} {

[%emt 00:02:32]

} g6 {

[%clk 00:05:25]

} {

[%emt 00:01:54]

} 19. Nc3 {

[%clk 00:06:30]

} {

[%emt 00:01:43]

} Bf8 {

[%clk 00:03:26]

} {

[%emt 00:02:02]

} 20. Ne4 {

[%clk 00:05:10]

} {

[%emt 00:01:23]

} Bg7 {

[%clk 00:03:09]

} {

[%emt 00:00:20]

} 21. Qb4 {

[%clk 00:05:04]

} {

[%emt 00:00:09]

} Bf8 {

[%clk 00:01:06]

} {

[%emt 00:02:07]

} 22. Bg4 {

[%clk 00:05:05]

} {

[%emt 00:00:02]

} Kh8 {

[%clk 00:00:20]

} {

[%emt 00:00:48]

} 23. Bxh5 {

[%clk 00:04:12]

} {

[%emt 00:00:56]

} gxh5 {

[%clk 00:00:23]

} {

[%emt 00:00:01]

} 24. Rhg1 {

[%clk 00:04:13]

} {

[%emt 00:00:01]

} a3 {

[%clk 00:00:21]

} {

[%emt 00:00:05]

} 25. b3 {

[%clk 00:04:13]

} {

[%emt 00:00:03]

} Ra6 {

[%clk 00:00:16]

} {

[%emt 00:00:08]

} 26. Rg3 {

[%clk 00:03:57]

} {

[%emt 00:00:18]

} Rc8 {

[%clk 00:00:15]

} {

[%emt 00:00:05]

} 27. Rd2 {

[%clk 00:03:28]

} {

[%emt 00:00:33]

} Bg7 {

[%clk 00:00:17]

} 28. Rh3 {

[%clk 00:03:02]

} {

[%emt 00:00:28]

} f5 {

[%clk 00:00:19]

} 29. gxf6 {

[%clk 00:03:03]

} {

[%emt 00:00:03]

} Nxf6 {

[%clk 00:00:21]

} 30. Nxf6 {

[%clk 00:02:51]

} {

[%emt 00:00:15]

} Bxf6 {

[%clk 00:00:24]

} 31. Rxh5 {

[%clk 00:02:52]

} {

[%emt 00:00:03]

} Qg7 {

[%clk 00:00:23]

} {

[%emt 00:00:04]

} 32. Qe4 {

[%clk 00:02:32]

} {

[%emt 00:00:22]

} Raa8 {

[%clk 00:00:13]

} {

[%emt 00:00:14]

} 33. Rg2 {

[%clk 00:02:30]

} {

[%emt 00:00:04]

} Qf7 {

[%clk 00:00:15]

} 34. Qf5 {

[%clk 00:02:00]

} {

[%emt 00:00:34]

} Rg8 {

[%clk 00:00:07]

} {

[%emt 00:00:11]

} 35. Rxh7+ {

[%clk 00:01:53]

} {

[%emt 00:00:10]

} Qxh7 {

[%clk 00:00:09]

} 36. Qxf6+ {

[%clk 00:01:54]

} {

[%emt 00:00:02]

} Rg7 {

[%clk 00:00:11]

} {

[%emt 00:00:02]

} 37. Bh6 {

[%clk 00:01:55]

} {

[%emt 00:00:02]

} Rag8 {

[%clk 00:00:06]

} {

[%emt 00:00:08]

} 38. Rg4 {

[%clk 00:01:15]

} {

[%emt 00:00:42]

} 1-0